MARC

LEADER 00000nam0a2200000 4500
001 337896
005 20231102005009.0
035 |a (RuTPU)RU\TPU\book\364384 
090 |a 337896 
100 |a 20171115d1964 km y0rusy50 ca 
101 0 |a rus 
102 |a RU 
105 |a a z 001zy 
200 1 |a Эмалирование металлов в СССР и за рубежом  |e обзор  |f Центральный институт научно-технической информации по автоматизации и машиностроению (ЦИНТИАМ) ; сост. В. В. Варгин, Певзнер 
210 |a Москва  |c Изд-во ЦИНТИАМ  |d 1964 
215 |a 84 с.  |c ил. 
225 1 |a Защитные и декоративные покрытия и оборудование  |v Серия ОМ- VIII-4 
320 |a Библиогр.: с. 75-83 
606 1 |a Эмалирование металлов  |2 stltpush  |3 (RuTPU)RU\TPU\subj\21164  |9 46199 
610 1 |a СССР 
610 1 |a зарубежный опыт 
610 1 |a эмали 
610 1 |a трубы 
610 1 |a жаростойкие эмали 
610 1 |a эмалевые покрытия 
675 |a 621.794.5  |v 4 
702 1 |a Варгин  |b В. В.  |4 220 
702 1 |a Певзнер  |b Б. З.  |4 220 
712 0 2 |a Центральный институт научно-технической информации по автоматизации и машиностроению (ЦИНТИАМ)  |2 stltpush  |3 (RuTPU)RU\TPU\col\16183 
801 1 |a RU  |b 63413507  |c 20171115 
801 2 |a RU  |b 63413507  |c 20201105  |g RCR 
942 |c BK